000 00810nmc a2200289 a 4500
003 AR-BaBNM
005 20251128211102.0
008 022120s1969 ||||||||||||||000 | spa||
040 _cAR-BaBNM
100 1 _aOyhanarte, Julio
245 1 0 _aPoder político y cambio estructural en la Argentina
_bun estudio sobre el estado de desarrollo
260 _aBuenos Aires
_bPaidós
_c1969
300 0 _a127 p.
490 0 _aBiblioteca de psicología social y sociología. Serie Mayor
_v50
650 4 _aCIENCIAS POLITICAS
650 4 _aESTADO
650 4 _aDESARROLLO
650 4 _aCAMBIO SOCIAL
650 4 _aPODER POLITICO
650 4 _aFEDERALISMO
650 4 _aPARTIDOS POLITICOS
650 4 _aONGs
800 1 _aGermani, Gino
800 1 _aButelman, Enrique
942 _cBK
998 _cAlicia
999 _c18161
_d18161